| 000 | 00623cam a2200205 4500 | ||
|---|---|---|---|
| 001 | 292531 | ||
| 005 | 20180809075438.0 | ||
| 008 | 700611s1970 paua b 001 0 eng | ||
| 010 | _a 70103568 | ||
| 040 |
_aDLC _cDLC _dDLC |
||
| 041 | _aeng | ||
| 080 | _a617.412 KIR | ||
| 082 | 0 | 0 | _a617.412 KIR |
| 100 | 1 | _a5 | |
| 101 | _aKIR | ||
| 245 | 1 | 4 |
_aThe tetralogy of Fallot from a surgical viewpoint _c[by] John W. Kirklin [and] Robert B. Karp. With the collaboration of Alberto Barcia and L. M. Bargeron. |
| 504 | _aBibliography: p. 177-186. | ||
| 906 |
_a7 _bcbc _corignew _du _encip _f19 _gy-gencatlg |
||
| 942 |
_2ddc _cBK |
||
| 999 |
_c46977 _d46977 |
||